1005 1070 1344 1958 1597 1478 1658 1244 1357 1065 1077 1470 1585 1507 1484 1222 1940 1071 1374 1317 1694 1672 1473 1679 1627 1941 1702 1236 1961 1302 1099 1934 1817 1323 1033 1161 1434 1079 1751 1738 1502 1081 1089 1491 1060 1495 1316 1198 1434 1324 1161 1195 1319 1504 1032 1447 1921 1738 1846 1060 1020 1066 1984 1470 1787 1886 1279 1545 1355 1670 1291 1922 1645 1221 1887 1397 1837 1244 1729 1238 1509 1465 1205 1387 1058 1948 1173 1561 1528 1309 1064 1321 1171 1721 1280 1416 1083 1577 1891 BCNSPRNW ULIB Ver.6.0+V

เปลี่ยนเป็นภาษาไทย

Change to English
 แสดงรายละเอียดบรรณานุกรม
  กลับหน้าหลัก

Brief Record : Get Marc (ISO 2709) : E-mail record : QR code < ปิดหน้าต่าง
LEADER : 00000nam 2200000uu 4500
001    13399121104
003     ULIB
008    020711s2546 th a 000 0 tha d
020    9749152328
050  4 LB^bพ239 ห
100    สำนักมาตรฐานอุดมศึกษา
245    หลักสูตรฝึกอบรมนิสิตนักศึกษาเพื่อส่งเสริมสนับสนุนการประกันคุณภาพ การศึกษาภายในสถาบันอุมศึกษา/^cสำนักมาตรฐานอุดมศึกษา
250    พิมพ์ครั้งที่ 1
260    กรุงเทพฯ :^bสหมิตรพริ้นติ้ง,^c2546
300    68 หน้า
945    ^p0^l0^i12589
945    ^p0^l0^i12590
945    ^p0^l0^i12591
945    ^p0^l0^i12592
999    ^aวิภา
รายการนี้ยังไม่มีแท็ก
คุณยังไม่ได้ล็อกอิน คุณสามารถมีกิจกรรมร่วมกับเว็บไซต์ได้ แต่ต้องล็อกอินก่อน ::
  ล็อกอิน

รายการสื่อสารสนเทศ

ลำดับที่ ประเภท เลขเรียก/บาร์โค้ด สถานที่ สถานะ
1. วิทยาศาสตร์การแพทย์ และสุขภาพ
วิทยาศาสตร์การแพทย์ และสุขภาพ
LB พ239 ห  
  Barcode: 12589
ห้องสมุดวิทยาเขตสวรรค์ประชารักษ์
►หนังสือทั่วไป
บนชั้น
2. วิทยาศาสตร์การแพทย์ และสุขภาพ
วิทยาศาสตร์การแพทย์ และสุขภาพ
LB พ239 ห ฉ.2 
  Barcode: 12590
ห้องสมุดวิทยาเขตสวรรค์ประชารักษ์
►หนังสือทั่วไป
บนชั้น
3. วิทยาศาสตร์การแพทย์ และสุขภาพ
วิทยาศาสตร์การแพทย์ และสุขภาพ
LB พ239 ห ฉ.3 
  Barcode: 12591
ห้องสมุดวิทยาเขตสวรรค์ประชารักษ์
►หนังสือทั่วไป
บนชั้น
4. วิทยาศาสตร์การแพทย์ และสุขภาพ
วิทยาศาสตร์การแพทย์ และสุขภาพ
LB พ239 ห ฉ.4 
  Barcode: 12592
ห้องสมุดวิทยาเขตสวรรค์ประชารักษ์
►หนังสือทั่วไป
บนชั้น

รายการใกล้เคียง
    ผู้แต่ง [สำนักมาตรฐานอุดมศึกษา]

BibComment


ยังไม่เคยถูกคอมเมนท์

คอมเมนท์ทรัพยากรรายการนี้
  คอมเมนท์: หลักสูตรฝึกอบรมนิ..


 Copyright 2026. Bcnsprnw @Library